000 00332cam a22001097a 4500
008 180718b1963 xxu||||| |||| 00| 0 eng d
082 _aB73x5413 P886
100 _aPrasad, Ram Chandra
245 _aVillage government in Bihar : a case study of a village panchayat
_cby Ram Chandra Prasad
260 _aDelhi
_b
_c1963
300 _a474p.
999 _c501836
_d501836